Spy hook / (Record no. 11493)
[ view plain ]
| 000 -LEADER | |
|---|---|
| fixed length control field | 00967cam a2200289 a 4500 |
| 001 - CONTROL NUMBER | |
| control field | 2936070 |
| 003 - CONTROL NUMBER IDENTIFIER | |
| control field | OSt |
| 005 - DATE AND TIME OF LATEST TRANSACTION | |
| control field | 20140310182256.0 |
| 008 - FIXED-LENGTH DATA ELEMENTS--GENERAL INFORMATION | |
| fixed length control field | 891027s1988 enk 000 1 eng |
| 010 ## - LIBRARY OF CONGRESS CONTROL NUMBER | |
| LC control number | 89200017 |
| 020 ## - INTERNATIONAL STANDARD BOOK NUMBER | |
| International Standard Book Number | 0091736420 |
| 040 ## - CATALOGING SOURCE | |
| Original cataloging agency | DLC |
| Transcribing agency | DLC |
| Modifying agency | DLC |
| 050 00 - LIBRARY OF CONGRESS CALL NUMBER | |
| Classification number | PR 6054.E37 |
| Item number | .D368 1988 |
| 082 00 - DEWEY DECIMAL CLASSIFICATION NUMBER | |
| Classification number | FIC |
| Item number | D36s 1988 |
| 100 1# - MAIN ENTRY--PERSONAL NAME | |
| Personal name | Deighton, Len, |
| Dates associated with a name | 1929- |
| 9 (RLIN) | 20405 |
| 245 10 - TITLE STATEMENT | |
| Title | Spy hook / |
| Statement of responsibility, etc | Len Deighton. |
| 260 ## - PUBLICATION, DISTRIBUTION, ETC. (IMPRINT) | |
| Place of publication, distribution, etc | London : |
| Name of publisher, distributor, etc | Hutchinson, |
| Date of publication, distribution, etc | 1988 |
| Date of manufacture | (1989 printing) |
| 300 ## - PHYSICAL DESCRIPTION | |
| Extent | 267 p. ; |
| Dimensions | 23 cm. |
| 650 #0 - SUBJECT ADDED ENTRY--TOPICAL TERM | |
| Topical term or geographic name as entry element | Samson, Bernard (Fictitious character) |
| General subdivision | Fiction. |
| 9 (RLIN) | 20406 |
| 650 #0 - SUBJECT ADDED ENTRY--TOPICAL TERM | |
| Topical term or geographic name as entry element | Intelligence service |
| Geographic subdivision | Great Britain |
| General subdivision | Fiction. |
| 9 (RLIN) | 20407 |
| 655 #7 - INDEX TERM--GENRE/FORM | |
| Genre/form data or focus term | Spy stories. |
| Source of term | gsafd |
| 9 (RLIN) | 4765 |
| 856 42 - ELECTRONIC LOCATION AND ACCESS | |
| Materials specified | Publisher description |
| Uniform Resource Identifier | <a href="http://www.loc.gov/catdir/description/random044/89200017.html">http://www.loc.gov/catdir/description/random044/89200017.html</a> |
| 906 ## - LOCAL DATA ELEMENT F, LDF (RLIN) | |
| a | 7 |
| b | cbc |
| c | orignew |
| d | 2 |
| e | ncip |
| f | 19 |
| g | y-gencatlg |
| 942 ## - ADDED ENTRY ELEMENTS (KOHA) | |
| Source of classification or shelving scheme | Library of Congress Classification |
| Koha item type | |
| Call number prefix | |
| Withdrawn status | Lost status | Source of classification or shelving scheme | Damaged status | Home library | Current library | Shelving location | Date acquired | Total Checkouts | Full call number | Barcode | Date last seen | Price effective from | Koha item type |
|---|---|---|---|---|---|---|---|---|---|---|---|---|---|
| Library of Congress Classification | Luxembourg Library | Luxembourg Library | Fiction Section | 09/17/2013 | PR 6054.E37 .D368 1988 | 6766 | 09/17/2013 | 09/17/2013 | Books |